| 000 | 00628aas a2200217 4500 | ||
|---|---|---|---|
| 999 |
_c3356 _d3356 |
||
| 003 | BR-BrBNA | ||
| 005 | 20230317233758.0 | ||
| 007 | ta | ||
| 008 | 230119b bl ||||| |||| 00| 0 por d | ||
| 035 | _a000485-5 | ||
| 040 |
_aBR-BrBNA _cBR-BrBNA |
||
| 042 | _a057268-9 | ||
| 044 | _abl | ||
| 245 | _aPrograma de Assistência Técnica e Extensão Rural | ||
| 260 |
_aAracaju-SE _bEmpresa de Assistência Técnica e Extensão Rural do Estado do Sergipe _c1977. Data final de publicação em 1980 _eBrasil |
||
| 270 | _aCaixa Postal 297 49.000 | ||
| 310 | _aanual | ||
| 505 | _a1977-80; | ||
| 909 |
_a56 _bSergio Santos _c56 _dSergio Santos |
||
| 942 |
_cCR _2AGRIS |
||